内蒙古自治区市辖区 - Statistics

General Stats
  • This quiz has been taken 17 times
  • The average score is 16 of 23
Answers on the Map
Answers color-coded by a green-red scale on the quiz's map according to % correct below.
 
Answer Stats
Answer % Correct
科尔沁区
91%
白云鄂博矿区
82%
海勃湾区
82%
海南区
82%
红山区
82%
海拉尔区
82%
新城区
73%
回民区
73%
昆都仑区
73%
元宝山区
73%
松山区
73%
东胜区
73%
扎赉诺尔区
73%
临河区
73%
集宁区
73%
赛罕区
64%
东河区
64%
乌达区
64%
青山区
55%
九原区
55%
康巴什区
55%
玉泉区
45%
石拐区
36%
No matching quizzes found
Score Distribution
Percent of People with Each Score
Percentile by Number Answered
Your Score History
You have not taken this quiz